Min dhikrayātī (Record no. 46722)

MARC details
000 -LEADER
fixed length control field 00680cam a22002291 4500
001 - CONTROL NUMBER
control field ne 64000425
003 - CONTROL NUMBER IDENTIFIER
control field DLC
005 - DATE AND TIME OF LATEST TRANSACTION
control field 20260227111756.0
008 - FIXED-LENGTH DATA ELEMENTS--GENERAL INFORMATION
fixed length control field 950124s1962 le h 000 0 ararc
010 ## - LIBRARY OF CONGRESS CONTROL NUMBER
LC control number ne 64000425
035 ## - SYSTEM CONTROL NUMBER
System control number (OCoLC)31879236
040 ## - CATALOGING SOURCE
Original cataloging agency Princeton Univ. Libr.
Transcribing agency CU
Modifying agency CU
-- DLC
042 ## - AUTHENTICATION CODE
Authentication code premarc
043 ## - GEOGRAPHIC AREA CODE
Geographic area code a-iq---
050 00 - LIBRARY OF CONGRESS CALL NUMBER
Classification number DS79.53
Item number .Q27
100 1# - MAIN ENTRY--PERSONAL NAME
Personal name Qaṣṣāb, ʻAbd al-ʻAzīz,
Dates associated with a name 1888-
245 10 - TITLE STATEMENT
Title Min dhikrayātī
Statement of responsibility, etc. [taʼlīf] ʻAbd al-ʻAzīz al-Qaṣṣāb.
250 ## - EDITION STATEMENT
Edition statement [al-Ṭabʻah 1.]
260 ## - PUBLICATION, DISTRIBUTION, ETC.
Place of publication, distribution, etc. Bayrūt,
Name of publisher, distributor, etc. Manshūrāt ʻUwaydāt,
Date of publication, distribution, etc. [1962]
300 ## - PHYSICAL DESCRIPTION
Extent 339 p.
Other physical details facsims.
Dimensions 25 cm.
651 #0 - SUBJECT ADDED ENTRY--GEOGRAPHIC NAME
Geographic name Iraq
General subdivision Politics and government.

No items available.

Powered by Koha